Statistics for British Kings And Queens

Click here to take the quiz!

General Stats

  • This quiz has been taken 648 times
    (363 since last reset)
  • The average score is 9 of 14

Answer Stats

DescriptionAnswer% Correct
King who signed the Magna Carta which made him unpopularKing John
86%
French duke who conquered England in 1066 and became kingKing William the First
84%
Long-reigning Queen, had a whole era to herselfQueen Victoria
82%
Queen who currently rules EnglandQueen Elizabeth the Second
81%
Queen whose lack of children ended the Tudor eraQueen Elizabeth the First
79%
King who was known for being fat and having six wivesKing Henry the Eighth
73%
Queen who married King Philip II of Spain and was known as 'Bloody ____'Queen Mary the First
69%
King whose execution begun the Puritan ruleKing Charles the First
67%
Puritan who ruled after he defeated ^ in battle, but was not technically a kingOliver Cromwell
67%
King who suffered mental health issues but nevertheless had a long reignKing George the Third
66%
King who supposedly killed the Princes in the TowerKing Richard the Third
62%
Became King as a child, son of aboveKing Edward the Sixth
61%
King who ruled England as Prince Regent before becoming KingKing George the Fourth
43%
King who was obsessed with sailingKing William the Fourth
21%

Score Distribution

Percentile by Number Answered

Percent of People with Each Score

Your Score History

You have not taken this quiz since the last reset